Projekt manažmentu rizika v konkrétnom podniku diplomová práca

Guardado en:
Detalles Bibliográficos
Autor principal: Pačanová, Miroslava
Autor Corporativo: Fakulta podnikového manažmentu EU. Katedra podnikovohospodárska
Otros Autores: Rybárová, Daniela, 1967-
Formato: Libro
Lenguaje:eslovaco
Publicado: Bratislava 2018
Etiquetas: Agregar Etiqueta
Sin Etiquetas, Sea el primero en etiquetar este registro!

MARC

LEADER 00000nbm a2200000 4500
001 0244640
005 20181004112032.8
041 0 |a slo 
044 |a SK 
245 1 0 |a Projekt manažmentu rizika v konkrétnom podniku  |b diplomová práca  |c Miroslava Pačanová ; školiteľ: Daniela Rybárová 
264 1 |a Bratislava  |c 2018 
300 |a 70 s. 
100 1 |a Pačanová, Miroslava 
700 1 |a Rybárová, Daniela, 1967- 
710 2 |a Fakulta podnikového manažmentu EU. Katedra podnikovohospodárska